MARC

LEADER 00000nam0a2200000 4500
001 150536
005 20231101221506.0
035 |a (RuTPU)RU\TPU\book\163214 
090 |a 150536 
100 |a 20090112d1957 m y0rusy50 ca 
101 0 |a rus 
102 |a RU 
105 |a a z 000zy 
200 1 |a Практикум по органическому синтезу  |f Г. В. Голодников, Т. В. Низовкина, А. Т. Рыскальчук  |g под ред. Б. Н. Долгова 
210 |a Ленинград  |c Изд-во Ленинградского ун-та  |d 1957 
215 |a 188 с.  |c ил. 
606 1 |a Органический синтез  |x (химия)  |2 stltpush  |3 (RuTPU)RU\TPU\subj\47447  |9 66378 
610 1 |a практические работы 
610 1 |a органические препараты 
610 1 |a органическая химия 
675 |a 547.075(076.5)  |v 3 
700 1 |a Голодников  |b Г. В.  |g Геннадий Владимирович 
701 1 |a Низовкина  |b Т. В.  |g Татьяна Всеволодовна 
701 1 |a Рыскальчук  |b А. Т.  |g Аполлинария Терентьевна 
702 1 |a Долгов  |b Б. Н.  |4 340 
801 1 |a RU  |b 63413507  |c 20090112  |g PSBO 
801 2 |a RU  |b 63413507  |c 20160708  |g PSBO 
942 |c BK